| 000 | 01042nam a22003017a 4500 | ||
|---|---|---|---|
| 003 | CHAP | ||
| 005 | 20220329141227.0 | ||
| 008 | 111103s2003 r 00010 spa d | ||
| 010 | _a64744 | ||
| 011 | _a65716 | ||
| 035 | _a72998 | ||
| 040 | _cCHAP | ||
| 082 | 0 | 0 |
_a300.18 _bH45 |
| 100 | 0 | 0 |
_aHernández Sampieri, Roberto. _954596 |
| 245 | 1 | 0 |
_aMetodología de la investigación _c/por Roberto Hernández Sapmieri |
| 260 |
_aLa Habana, Cub. : _bFélix Varela, _c2003 |
||
| 300 |
_a2 v. : _btablas |
||
| 500 | _aLos apencides estan incluidos en cada volumen | ||
| 590 |
_aBATCH-UPD _b10 _c20130110 _lUCH01 _h0747 |
||
| 590 |
_aBATCH-UPD _b10 _c20130410 _lUCH01 _h0428 |
||
| 590 |
_aBATCH-UPD _b10 _c20130914 _lUCH01 _h1611 |
||
| 590 |
_aCONVERSION _b10 _c20130109 _lUCH01 _h1335 |
||
| 650 | 0 | 4 |
_aInvestigación _xMetodología. _960237 |
| 901 | _aBK | ||
| 942 | _cLIBRO | ||
| 949 |
_a300.18 H45 _bBC _cLIBRO _d33724002245280 _eLIBRO _gDonaciØn _h116090 _i72998 _sb |
||
| 949 |
_a300.18 H45 _bBC _cLIBRO _d33724002245322 _eLIBRO _gDonaciØn _h116089 _i72998 _si |
||
| 999 |
_c64744 _d64744 |
||